000 00834nam a2200241 i 4500
001 bg
003 BPK
005 20220726094213.0
008 s1999 pl f f |000 0 pol
020 _a8388048104
040 _cBPK
080 _a 349.442(438)
080 _a(075.8)
100 1 _aLeoński, Zbigniew
_d(1929-2006)
_eAutor
245 1 0 _aPodstawowe instytucje planowania przestrzennego i prawa budowlanego /
_cZbigniew Leoński, Marek Szewczyk.
260 _aPoznań :
_bWydaw. WSB,
_c1999.
300 _a216 s. ;
_c24 cm.
650 4 _aBudownictwo
_xprawo
_zPolska.
650 4 _aPlanowanie przestrzenne
_xprawo
_zPolska.
700 1 _aSzewczyk, Marek
_d(1954- ).
_eAutor
856 _uhttp://koha.tu.koszalin.pl/cgi-bin/koha/opac-detail.pl?biblionumber=39522
_yKatalog online BPK
942 _cKS
_2UKD
999 _c39522
_d39522